20. век - Statistics

General Stats
  • This quiz has been taken 149 times
  • The average score is 12 of 20
Answer Stats
Година Опис Одговор % Correct
1945–1991 САД и Совјетски Савез воде овај „рат” Хладни рат
97%
1933 Овај политичар долази на власт у Немачкој Адолф Хитлер
90%
1914 Убиство овог надвојводе доводи до Првог светског рата Франц Фердинанд
87%
1912 Овај чувени прекоокеански брод удара у ледени брег и тоне Титаник
87%
1930 Прво светско фудбалско првенство је одржано у овој држави Уругвај
81%
1934 Овај југословенски краљ је убијен у Марсељу Александар Карађорђевић
80%
1922 Ова идеологија долази до значаја када Бенито Мусолини постане вођа Италије Фашизам
80%
1969 Овај човек постаје први који је ходао по Месецу Нил Армстронг
76%
1918–1920 Ова пандемија убија преко 3% светске популације {Шпанска} грозница
71%
1915 Ово царство систематски убија око 1,5 милиона Јермена Османско царство
63%
1962 САД и Совјетски Савез имају напет сукоб око ракета у овој земљи Куба
59%
1999 Атмосферски нивои овог гаса стаклене баште достижу 365 ppm, што је повећање од преко 25% од 1900. Угљен-диоксид
54%
1946 ENIAC је препознат као први пример овог данас уобичајеног модерног уређаја Рачунар
54%
1941 Јапанци покрећу изненадни напад на ову поморску базу Перл Харбор
54%
1979 Демонстранти преузимају власт у овој земљи и успостављају теократију Иран
46%
1958–1961 „Велики скок напред” овог владара узрокује да 30 милиона људи умре од глади Мао Цедунг
37%
1925 Џ. Л. Берд преноси слику лутке из поткровља у радњу у приземљу путем овог новог медија Телевизија
23%
1911 Овај човек постаје први који је стигао до Јужног пола Руал Амундсен
20%
1955 Џонас Солк најављује вакцину за ову болест Дечја парализа
7%
1927 Овај пилот постаје први који је обавио соло лет без заустављања од Њујорка до Париза Чарлс Линдберг
7%
No matching quizzes found
Score Distribution
Percent of People with Each Score
Percentile by Number Answered
Your Score History
You have not taken this quiz